000 00445nam a2200145 a 4500
001 000030763
005 20250502073820.0
008 110527s1982 dr 000 0 spa d
040 _aDO-SdBNP
_bspa
_cBNPHU
245 0 0 _aProyecto de desarrollo administrativo.
260 _aSanto Domingo :
_bONAP,
_c1982.
300 _a14 p. ;
_c22 cm.
710 1 _aRepública Dominicana.
_bOficina Nacional de Administración y Personal
_926398
049 _aBNPD
999 _c30255
_d30255